Anuario de Hojas de WARMI per al feminisme, la cooperació i la solidaritat /
| Previous Title: | Hojas de WARMI |
|---|---|
| Corporate Authors: | , |
| Format: | Electronic Journal |
| Language: | Spanish Catalan |
| Published: |
Barcelona [Spain] :
Seminario Interdisciplinar Mujeres y Sociedad,
1996-
|
| Subjects: | |
| Online Access: | Full text available from PRISMA Database with HAPI Index: 01/01/2012 to 01/31/2012 Full text available from Research Library: 01/01/2012 to 01/31/2012 |
MARC
| LEADER | 00000nas a2200000 a 4500 | ||
|---|---|---|---|
| 001 | ssj0000395040 | ||
| 003 | WaSeSS | ||
| 005 | 20200512172242.0 | ||
| 006 | m d | ||
| 007 | cr n | ||
| 008 | 981223u1996uuuusp ar p s 0 0spa c | ||
| 010 | |a sn 99026036 |z sn 98026198 | ||
| 022 | |l 1136-3401 |y 1136-3401 | ||
| 035 | |a (WaSeSS)ssj0000395040 | ||
| 037 | |b Seminario Interdisciplinar Mujeres y Sociedad, Facultat de Geografía i Història, Baldiri i Reixac, s/n, Universitat de Barcelona, Barcelona, Spain | ||
| 040 | |a FUG |b eng |c FUG |d OCLCQ |d IXA |d OCLCF |d OCLCO |d OCLCA |d WaSeSS | ||
| 041 | 0 | |a spa |a cat | |
| 042 | |a pcc | ||
| 043 | |a e-sp--- |a cl----- | ||
| 050 | 1 | 4 | |a HQ1181.S7 |b A58 |
| 245 | 0 | 0 | |a Anuario de Hojas de WARMI |h [electronic resource] : |b per al feminisme, la cooperació i la solidaritat / |c Universitat de Barcelona, Seminario Interdisciplinar Mujeres y Sociedad; Ministerio de Asuntos Sociales, Instituto de la Mujer and Institut Català de la Dona. |
| 246 | 3 | 0 | |a Hojas de WARMI |
| 260 | |a Barcelona [Spain] : |b Seminario Interdisciplinar Mujeres y Sociedad, |c 1996- | ||
| 362 | 1 | |a Began with No. 7 (Año 1996). | |
| 500 | |a Subtitle varies: Investigación para el feminismo, la cooperación y la solidaridad. | ||
| 506 | |a License restrictions may limit access. | ||
| 546 | |a In Spanish and Catalan. | ||
| 588 | |a Description based on first issue; title from title page. | ||
| 588 | |a Latest issue consulted: No. 11 (año 2000). | ||
| 650 | 0 | |a Women's studies |z Spain |v Periodicals. | |
| 650 | 0 | |a Women |z Spain |v Periodicals. | |
| 650 | 0 | |a Women |z Latin America |v Periodicals. | |
| 650 | 0 | |a Feminism |z Spain |v Periodicals. | |
| 650 | 0 | |a Feminism |z Latin America |v Periodicals. | |
| 650 | 7 | |a Feminism. |2 fast |0 (OCoLC)fst00922671 | |
| 650 | 7 | |a Women. |2 fast |0 (OCoLC)fst01176568 | |
| 650 | 7 | |a Women's studies. |2 fast |0 (OCoLC)fst01178850 | |
| 651 | 7 | |a Latin America. |2 fast |0 (OCoLC)fst01245945 | |
| 651 | 7 | |a Spain. |2 fast |0 (OCoLC)fst01204303 | |
| 655 | 0 | |a Electronic journals. | |
| 710 | 2 | |a Universidad de Barcelona. |b Seminario Interdisciplinar Mujeres y Sociedad. | |
| 710 | 2 | |a Institut Català de la Dona. | |
| 780 | 0 | 0 | |t Hojas de WARMI |
| 850 | |a FU | ||
| 856 | 4 | 0 | |z Full text available from PRISMA Database with HAPI Index: 01/01/2012 to 01/31/2012 |u https://search.proquest.com/publication/2036016 |
| 856 | 4 | 0 | |z Full text available from Research Library: 01/01/2012 to 01/31/2012 |u https://search.proquest.com/publication/2035783 |